000 00582nam a22002297a 4500
003 UA-OsUOA
001 121222
007 ta
008 20170317b un ||||| |||| 00| 0 ukr d
100 _aгоголь Н.В.
090 _a821.161.1
_bГ58
942 _cBK
040 _aUA-OsUOA
_brus
_cUA-OsUOA
_dUA-OsUOA
245 _aИзбранные произведения
300 _a405 С.
955 _a3
041 _arus
080 _a821.161.1
260 _aК.
_c1983
650 7 _a82 Література. Літературознавство
_2UDC
999 _c407214
_d407214